Online
Catalog

Taxonomía de los objetivos de la educación : (Record no. 37623)

MARC details
000 -CABECERA
campo de control de longitud fija 01075nam a2200229 a 4500
001 - NÚMERO DE CONTROL
campo de control 000038133
005 - FECHA Y HORA DE LA ÚLTIMA TRANSACCIÓN
campo de control 20201002031200.0
008 - DATOS DE LONGITUD FIJA--INFORMACIÓN GENERAL
campo de control de longitud fija 110216s1975 ag r 000 0 spa d
040 ## - FUENTE DE LA CATALOGACIÓN
Centro catalogador/agencia de origen DO-SdBNP
Lengua de catalogación spa
Centro/agencia transcriptor BNPHU
082 ## - NÚMERO DE LA CLASIFICACIÓN DECIMAL DEWEY
Número de clasificación xxxx
Número de documento/Ítem B655t
100 1# - ENTRADA PRINCIPAL--NOMBRE DE PERSONA
Nombre de persona Bloom, Benjamín S.
9 (RLIN) 52060
245 10 - MENCIÓN DE TÍTULO
Título Taxonomía de los objetivos de la educación :
Resto del título la clasificación de las metas educacionales, manuales I y II /
Mención de responsabilidad, etc. Benjamín S. Bloom ; traducción Marcelo Pérez Rivas ; prólogo Antonio F. Salonia.
250 ## - MENCIÓN DE EDICIÓN
Mención de edición 5a ed.
260 ## - PUBLICACIÓN, DISTRIBUCIÓN, ETC.
Lugar de publicación, distribución, etc. Buenos Aires, Argentina :
Nombre del editor, distribuidor, etc. El Ateneo,
Fecha de publicación, distribución, etc. 1975.
300 ## - DESCRIPCIÓN FÍSICA
Extensión xiv, 355 p. :
Otras características físicas il., diagrs. ;
Dimensiones 22.5 cm.
490 1# - MENCIÓN DE SERIE
Mención de serie Biblioteca nuevas orientaciones de la educación, problemática de la educación.
500 ## - NOTA GENERAL
Nota general Incluye referencia bibliográfica p. [353-355].
504 ## - NOTA DE BIBLIOGRAFÍA, ETC.
Nota de bibliografía, etc. Incluye referencias bibliográficas y notas al pie de las páginas.
700 1# - PUNTO DE ACCESO ADICIONAL--NOMBRE DE PERSONA
Nombre de persona Pérez Rivas, Marcelo,
Término indicativo de función/relación tr
9 (RLIN) 11475
700 1# - PUNTO DE ACCESO ADICIONAL--NOMBRE DE PERSONA
Nombre de persona Salonia, Antonio F.,
Término indicativo de función/relación pról.
9 (RLIN) 52061
830 #0 - PUNTO DE ACCESO ADICIONAL DE SERIE-TÍTULO UNIFORME
Título uniforme Biblioteca nuevas orientaciones de la educación,
Subencabezamiento de forma problemática de la educación.
9 (RLIN) 52062
Holdings
Estado de retiro Estado de pérdida Restricciones de uso No para préstamo Código de colección Localización permanente Ubicación/localización actual Ubicación en estantería Fecha de adquisición Número de inventario Total de préstamos Signatura topográfica completa Código de barras Fecha visto por última vez Precio válido a partir de Tipo de ítem Koha
      Excluido de préstamo Monografías: Libros y Folletos Patrimonio Dominicano Patrimonio Dominicano En catalogación 15.03.2013 LF1   xxxx B655t 38133-10 25.06.2020 25.06.2020 No se presta

Powered by Koha